000 01061cac a2200289 i 4500
003 EG-GICUC
005 20260416131342.0
008 260416s1951 fr ||||fr 000 0 fre d
040 _aDLC
_cDLC
_dDLC
_dEG-GICUC
_bfre
_erda
041 _afre
082 0 0 _221
_a343.118225
_bUN. D
092 0 4 _221
099 _aLaw1 10 343.118225 UN. D 1951
110 2 _aUniversité De Lausanne.
_bFaculté De Droit.
245 1 3 _aLe Deni De Justice Formel Dans La Jurisprudence Du Tribunal Federal /
_cUniversité De Lausanne.faculté De Droit
264 1 _aLausanne, Paris ;
_bImprimerie H. Jaunin S. A.,
_c1951.
300 _a102 page ;
_c24 cm.
336 _atext
_btxt
_2rdacontent
337 _aunmediated
_bn
_2rdamedia
338 _avolume
_bnc
_2rdacarrier
500 _aThèse De Licence Présentée À La Faculté De Droit De L'université De Lausanne Par Claude Rossel.
650 1 4 _aSciences Criminelles
650 1 4 _aTribunaux fédéraux
856 4 0 _uhttps://fll.law.cu.edu.eg/fulltext/bks/ENGB06-00049.pdf
905 _a164
942 _2ddc
_cBK
_e21
_n0
999 _c71443
_d71443